Industrial relations in postwar Japan
Gorde:
| Egile nagusia: | |
|---|---|
| Formatua: | Liburua |
| Hizkuntza: | Undetermined |
| Argitaratua: |
Urbana
University of Illinois Press
1958
|
| Gaiak: | |
| Etiketak: |
Etiketa erantsi
Etiketarik gabe, Izan zaitez lehena erregistro honi etiketa jartzen!
|
| Thư viện lưu trữ: | Trung tâm Học liệu Trường Đại học Cần Thơ |
|---|
| LEADER | 00501nam a2200181Ia 4500 | ||
|---|---|---|---|
| 001 | CTU_77705 | ||
| 008 | 210402s9999 xx 000 0 und d | ||
| 082 | |a 331.0952 | ||
| 082 | |b L665 | ||
| 100 | |a Levine, Solomon B. | ||
| 245 | 0 | |a Industrial relations in postwar Japan | |
| 245 | 0 | |c Solomon B. Levine | |
| 260 | |a Urbana | ||
| 260 | |b University of Illinois Press | ||
| 260 | |c 1958 | ||
| 650 | |a Industrial relations | ||
| 650 | |z Japan | ||
| 980 | |a Trung tâm Học liệu Trường Đại học Cần Thơ | ||